000 00344nam a2200157Ia 4500
005 20250508165024.0
008 250508s9999||||xx |||||||||||||| ||und||
041 _aEnglish
082 _a174.4
_bKUM
100 _aKumar, Shailendra
245 0 _aBusiness Ethics
250 _a1ed
260 _bCengage
_c2019
300 _a367p
942 _cBK
999 _c13651
_d13651